[Event "X Open Primavera"]
[Site "Robecchetto con Induno ITA"]
[Date "2013.05.16"]
[Round "6"]
[White "Libutti, Michele"]
[Black "Santarelli, Sabatino"]
[WhiteElo "1717"]
[BlackElo "1621"]
[Result "1/2-1/2"]
[PlyCount "131"]
[EventDate "2013.04.04"]

1. d4 Nf6 2. c4 e6 3. Nc3 c5 4. d5 d6 5. e4 e5 6. Be2 Be7 7. f4 Nbd7 8. Nf3 a6
9. O-O O-O 10. h3 h6 11. fxe5 Nxe5 12. Bf4 Nfd7 13. Qe1 Ng6 14. Bg3 Nde5 15.
Nxe5 Nxe5 16. Bxe5 dxe5 17. Qg3 Qd6 18. Bg4 Bg5 19. Bxc8 Raxc8 20. Rf5 Rce8 21.
Raf1 Bd8 22. Qf2 f6 23. g4 Be7 24. h4 g6 25. Rf3 Qd7 26. Qg3 b5 27. b3 bxc4 28.
bxc4 Rb8 29. g5 hxg5 30. hxg5 Kg7 31. gxf6+ Bxf6 32. R1f2 Rb6 33. Rg2 Qe8 34.
Qf2 Be7 35. Rxf8 Bxf8 36. Rg3 Rf6 37. Rf3 Be7 38. Rxf6 Bxf6 39. Qxc5 Qd8 40.
Qa7+ Be7 41. c5 Kh6 42. c6 Bh4 43. Qe3+ g5 44. Qf3 Qb6+ 45. Kg2 Qb2+ 46. Kh3
Qb8 47. Qf6+ Kh7 48. Qe7+ Kg6 49. Qe6+ Kg7 50. Qd7+ Kf6 51. c7 Qa7 52. Qf5+ Kg7
53. Qxe5+ Kh6 54. Qf6+ Kh7 55. Qf7+ Kh6 56. Qe6+ Kg7 57. Qe5+ Kh7 58. Nd1 Qg1
59. Qf5+ Kg7 60. Qe5+ Kh7 61. c8=Q Qf1+ 62. Kh2 Qe2+ 63. Kh3 Qf3+ 64. Kh2 Qe2+
65. Kh3 Qf3+ 66. Kh2 1/2-1/2

[Event "X Open Primavera"]
[Site "Robecchetto con Induno ITA"]
[Date "2013.05.16"]
[Round "6"]
[White "Madaschi, Sergio"]
[Black "Ragoso, Mario"]
[WhiteElo "1497"]
[BlackElo "1650"]
[Result "1/2-1/2"]
[PlyCount "122"]
[EventDate "2013.04.04"]

1. e4 c5 2. Nf3 d6 3. d4 cxd4 4. Nxd4 Nf6 5. Nc3 e6 6. Be2 Nc6 7. Be3 Be7 8.
O-O d5 9. exd5 Nxd5 10. Nxd5 Qxd5 11. Bf3 Qd7 12. Nxc6 bxc6 13. Qe2 Qc7 14. Qc4
Bb7 15. Rfd1 O-O 16. Rd2 a5 17. Rad1 Rfd8 18. g3 Rxd2 19. Rxd2 Rd8 20. Rd3 Bd6
21. Qb3 Ra8 22. Qb6 Ba6 23. Qxc7 Bxc7 24. Rd7 Be5 25. Bxc6 Rc8 26. c3 Bf6 27.
Bf3 Bc4 28. a3 Bb3 29. Bd4 Bxd4 30. Rxd4 g6 31. Bd1 Bd5 32. Be2 Rb8 33. b4 axb4
34. cxb4 Ra8 35. b5 Rxa3 36. Rb4 Ra1+ 37. Bf1 Bf3 38. Rb2 Kf8 39. b6 Bb7 40. f4
Ke8 41. Kf2 Kd8 42. Bg2 Kc8 43. Rc2+ Kb8 44. Bxb7 Kxb7 45. Rc7+ Kxb6 46. Rxf7
Ra2+ 47. Kg1 Ra7 48. Rxa7 Kxa7 49. Kf2 Kb6 50. Ke3 Kc5 51. Ke4 Kd6 52. Kd4 h6
53. h4 h5 54. Ke4 Ke7 55. Ke5 Kf7 56. Ke4 Kf6 57. Kf3 Kf5 58. Ke3 Kg4 59. Kf2
Kf5 60. Kf3 e5 61. fxe5 Kxe5 1/2-1/2

[Event "X Open Primavera"]
[Site "Robecchetto con Induno ITA"]
[Date "2013.05.16"]
[Round "6"]
[White "Marchesotti, Giovanni"]
[Black "Loaldi, Davide"]
[WhiteElo "1540"]
[BlackElo "1560"]
[Result "1/2-1/2"]
[PlyCount "97"]
[EventDate "2013.04.04"]

1. b3 Nf6 2. Bb2 e6 3. c4 Be7 4. e3 O-O 5. Nf3 d5 6. Be2 Nbd7 7. O-O c6 8. d4
Ne4 9. cxd5 cxd5 10. Nc3 Nxc3 11. Bxc3 a6 12. a4 Nf6 13. Nd2 Bd7 14. Bd3 Rc8
15. Rc1 Bc6 16. Qe2 a5 17. Rc2 Ne4 18. Nxe4 dxe4 19. Bc4 Bd5 20. Bb2 Bb4 21.
Rfc1 Bxc4 22. Rxc4 Rxc4 23. Qxc4 Bd6 24. g3 Qg5 25. Ra1 h5 26. Ba3 Bxa3 27.
Rxa3 Qd5 28. Qc2 Rd8 29. Ra1 Rd6 30. Qc8+ Rd8 31. Qc4 Rd6 32. Qc8+ Rd8 33. Qc4
Kf8 34. Rc1 Ke8 35. Qxd5 exd5 36. Kf1 Ke7 37. Rc7+ Rd7 38. Rc5 b6 39. Rc6 Rd6
40. Rc7+ Rd7 41. Rxd7+ Kxd7 42. Ke2 Kc6 43. f4 Kd6 44. h3 Ke6 45. g4 hxg4 46.
hxg4 Kf6 47. Kf2 Kg6 48. Kg3 f5 49. Kh4 1/2-1/2

[Event "X Open Primavera"]
[Site "Robecchetto con Induno ITA"]
[Date "2013.05.16"]
[Round "6"]
[White "Ongaro, Andrea"]
[Black "Zanin, Armando"]
[WhiteElo "1719"]
[BlackElo "1673"]
[Result "1-0"]
[PlyCount "91"]
[EventDate "2013.04.04"]

1. e4 d6 2. d4 Nf6 3. Nc3 g6 4. Be2 Bg7 5. h4 h5 6. Nh3 Bg4 7. f3 Bxh3 8. Rxh3
c6 9. Be3 Qb6 10. Qd2 Qa5 11. Bc4 e6 12. O-O-O Nbd7 13. Bb3 b5 14. e5 Ng8 15.
exd6 Nh6 16. Kb1 Nf5 17. g4 Nxd6 18. Qe2 Qd8 19. Bg5 Bf6 20. Bf4 Qe7 21. g5 Bg7
22. Ne4 Nxe4 23. fxe4 O-O 24. Re3 Nb6 25. Qh2 Rfd8 26. Be5 Rd7 27. Bxg7 Kxg7
28. Qe5+ Kg8 29. Red3 Qd6 30. Qxd6 Rxd6 31. e5 Rd7 32. c3 Nd5 33. Bxd5 cxd5 34.
Kc2 Rc7 35. Kd2 Rac8 36. Ke3 a5 37. Rc1 Kf8 38. Rd2 b4 39. Rdc2 Rc4 40. Kd3 Ke7
41. cxb4 Rxc2 42. Rxc2 Rxc2 43. Kxc2 axb4 44. Kb3 Kd7 45. Kxb4 Kc7 46. Kc5 1-0

[Event "X Open Primavera"]
[Site "Robecchetto con Induno ITA"]
[Date "2013.05.16"]
[Round "6"]
[White "Puricelli, Roberto"]
[Black "Sigismondi, Piero"]
[WhiteElo "1551"]
[BlackElo "1464"]
[Result "1-0"]
[PlyCount "85"]
[EventDate "2013.04.04"]

1. e4 e5 2. Nf3 Nc6 3. Bc4 Nf6 4. Ng5 d5 5. exd5 Nxd5 6. Nxf7 Kxf7 7. Qf3+ Qf6
8. Bxd5+ Be6 9. Bxe6+ Kxe6 10. Qxf6+ gxf6 11. c3 Rd8 12. O-O Kd7 13. b4 Rg8 14.
a4 a5 15. b5 Ne7 16. Na3 Nf5 17. Kh1 Nh4 18. g3 Nf3 19. Nc4 b6 20. Ne3 Kc8 21.
Ra2 Bc5 22. h4 h5 23. Nf5 Rd7 24. Kg2 Rd3 25. Rd1 Kd7 26. Kf1 Ke6 27. Ke2 e4
28. Ne3 f5 29. Ng2 Nh2 30. Nf4+ Ke5 31. Nxd3+ exd3+ 32. Kxd3 Bxf2 33. Kc4 Bxg3
34. d4+ Kd6 35. Bg5 Nf3 36. Bf6 Rg4 37. Rf1 Ke6 38. Rxf3 Kxf6 39. Re2 Bxh4 40.
Re8 Kg6 41. Rc8 Bg3 42. Rxg3 Rxg3 43. Rg8+ 1-0

[Event "X Open Primavera"]
[Site "Robecchetto con Induno ITA"]
[Date "2013.05.16"]
[Round "6"]
[White "Ruggeri, Igor"]
[Black "Buonasorte, Roberto"]
[WhiteElo "1578"]
[BlackElo "1452"]
[Result "1-0"]
[PlyCount "77"]
[EventDate "2013.04.04"]

1. d4 Nf6 2. c4 g6 3. Nc3 d5 4. e3 Bg7 5. g3 Bf5 6. Bg2 c6 7. Qb3 Qb6 8. Qxb6
axb6 9. cxd5 O-O 10. Nge2 Re8 11. O-O e5 12. dxc6 bxc6 13. dxe5 Rxe5 14. Nd4
Be4 15. Nxe4 Nxe4 16. f3 Nd6 17. f4 Rc5 18. Rd1 Nb5 19. Nxb5 Rxb5 20. Rd8+ Bf8
21. Bxc6 Nxc6 22. Rxa8 Kg7 23. b3 Bc5 24. Bb2+ f6 25. Kf2 Nb4 26. Rd1 Kf7 27.
Ra7+ Ke6 28. a4 Bxe3+ 29. Kxe3 Nd5+ 30. Rxd5 Rxd5 31. Bd4 b5 32. Ra6+ Kd7 33.
Ra5 Rd6 34. Rxb5 Kc8 35. Rb6 Rxb6 36. Bxb6 Kb7 37. Bd4 f5 38. b4 Ka6 39. Bc5
1-0

[Event "X Open Primavera"]
[Site "Robecchetto con Induno ITA"]
[Date "2013.05.16"]
[Round "6"]
[White "Santoruvo, Gianfranco"]
[Black "Trenti, Alessandro"]
[WhiteElo "1652"]
[BlackElo "1755"]
[Result "1/2-1/2"]
[PlyCount "73"]
[EventDate "2013.04.04"]

1. e4 c5 2. c3 Nc6 3. d4 d5 4. dxc5 dxe4 5. Qxd8+ Nxd8 6. Bb5+ Bd7 7. Bxd7+
Kxd7 8. Be3 Nc6 9. Nd2 f5 10. O-O-O Kc7 11. Nc4 e5 12. g3 Nf6 13. f4 Ng4 14.
Nh3 g6 15. Ng5 Nxe3 16. Ne6+ Kc8 17. Nxe3 exf4 18. gxf4 b6 19. cxb6 axb6 20.
Nc4 Rxa2 21. Nxb6+ Kb7 22. Nd7 Be7 23. Kc2 h6 24. Rd5 g5 25. Rxf5 gxf4 26. Rxf4
e3 27. Re4 Rg8 28. Kb3 Ra5 29. Rxe3 Rb5+ 30. Kc4 Rxb2 31. Nec5+ Kc7 32. h3 Rg5
33. Rd1 Bxc5 34. Nxc5 Ne5+ 35. Kd4 Nc6+ 36. Kc4 Ne5+ 37. Kd4 1/2-1/2

[Event "X Open Primavera"]
[Site "Robecchetto con Induno ITA"]
[Date "2013.05.16"]
[Round "6"]
[White "Sartorio, Alessandro"]
[Black "Rossi, Enrico"]
[WhiteElo "1233"]
[BlackElo "1486"]
[Result "0-1"]
[PlyCount "82"]
[EventDate "2013.04.04"]

1. e4 c5 2. Nf3 d6 3. Bc4 Bg4 4. h3 Bh5 5. O-O Nf6 6. Nc3 e6 7. Be2 Be7 8. d4
O-O 9. e5 dxe5 10. dxe5 Nd5 11. Ne4 Nc6 12. Ng3 Bxf3 13. Bxf3 Nxe5 14. Re1 Bf6
15. Nh5 Nc4 16. Bxd5 exd5 17. Nxf6+ Qxf6 18. Qxd5 Nxb2 19. Qb3 Nd3 20. cxd3
Qxa1 21. Bd2 Qd4 22. Re4 Qd6 23. Bf4 Qb6 24. Qd1 Rad8 25. Re3 c4 26. Bg5 Rxd3
27. Rxd3 cxd3 28. Qxd3 Qa5 29. Be7 Qe1+ 30. Kh2 Qxe7 31. Qd4 Qc7+ 32. g3 Qb6
33. Qf4 Re8 34. Kg2 Qb2 35. h4 Qxa2 36. Kh2 h6 37. g4 Re6 38. Qb8+ Kh7 39. Qf4
Rf6 40. Qe4+ g6 41. Qd4 Qxf2+ 0-1

[Event "X Open Primavera"]
[Site "Robecchetto con Induno ITA"]
[Date "2013.05.16"]
[Round "6"]
[White "Testa, Loris"]
[Black "Colombo, Maurizio"]
[WhiteElo "1926"]
[BlackElo "1769"]
[Result "1-0"]
[PlyCount "77"]
[EventDate "2013.04.04"]

1. c4 Nf6 2. Nc3 g6 3. d4 d5 4. cxd5 Nxd5 5. e4 Nxc3 6. bxc3 Bg7 7. Ba3 O-O 8.
Bc4 Nc6 9. Ne2 Na5 10. Bd3 Bg4 11. f3 Bd7 12. Rb1 Re8 13. O-O b6 14. f4 e6 15.
Ng3 f5 16. e5 Bc6 17. Qe2 Qd7 18. Rfd1 Bh6 19. Bc1 Ba4 20. Rf1 Rad8 21. Be3 c5
22. h4 cxd4 23. cxd4 Bc6 24. h5 Qd5 25. hxg6 hxg6 26. Rbc1 Re7 27. Qf2 Bb5 28.
Bxb5 Qxb5 29. Ne2 Bg7 30. Nc3 Qd7 31. Qg3 Kf7 32. Rfd1 Qb7 33. Nb5 Red7 34. Rc2
Qe4 35. Rdc1 Qd3 36. Nd6+ Kg8 37. Rc3 Qe2 38. Qxg6 Rxd6 39. exd6 1-0

[Event "X Open Primavera"]
[Site "Robecchetto con Induno ITA"]
[Date "2013.05.16"]
[Round "6"]
[White "Troiani, Mauro"]
[Black "Macchiettini, Pierangelo"]
[WhiteElo "2005"]
[BlackElo "1706"]
[Result "1-0"]
[PlyCount "69"]
[EventDate "2013.04.04"]

1. d4 d5 2. c4 Nf6 3. Nc3 c6 4. Nf3 e6 5. e3 Be7 6. b3 Nbd7 7. Bb2 Qc7 8. Bd3
O-O 9. Qe2 Re8 10. O-O Bd6 11. e4 e5 12. c5 Bf8 13. dxe5 Nxe4 14. Nxe4 dxe4 15.
Qxe4 g6 16. b4 Bg7 17. Rfe1 Nf8 18. Bc4 Be6 19. Rad1 Bxc4 20. Qxc4 Ne6 21. Rd6
Bf8 22. Red1 Rad8 23. Qc3 Bg7 24. Qd2 Qe7 25. h4 Qf8 26. g3 Qe7 27. Ng5 Bh6 28.
f4 Bxg5 29. hxg5 Qf8 30. g4 Qe7 31. Kg2 h6 32. f5 gxf5 33. gxf5 Rxd6 34. exd6
Qxg5+ 35. Qxg5+ 1-0

[Event "X Open Primavera"]
[Site "Robecchetto con Induno ITA"]
[Date "2013.05.16"]
[Round "6"]
[White "Zanin, Fabio"]
[Black "Rossi, Emanuele"]
[WhiteElo "1404"]
[BlackElo "1559"]
[Result "1-0"]
[PlyCount "85"]
[EventDate "2013.04.04"]

1. e4 d5 2. exd5 Qxd5 3. Nc3 Qd6 4. Nf3 Bg4 5. Be2 Nf6 6. O-O h5 7. Nb5 Qb6 8.
Ne5 a6 9. Nxg4 hxg4 10. Nc3 Nbd7 11. Bxg4 Ne5 12. Bf3 e6 13. d4 O-O-O 14. Qe2
Nxf3+ 15. Qxf3 Bd6 16. g3 Rh7 17. Kg2 Rdh8 18. Rh1 Rh3 19. Be3 c6 20. Na4 Qc7
21. c4 Nh5 22. c5 Be7 23. Nb6+ Kb8 24. Qxf7 Rf8 25. Qxe6 Rf6 26. Nd7+ Ka7 27.
Nxf6 Nxf6 28. Bf4 Qd8 29. Kxh3 Qh8+ 30. Kg2 Nd5 31. Bd6 Bf6 32. Be5 Qh6 33.
Bxf6 gxf6 34. Rad1 Qg5 35. h4 Qg7 36. Kh2 Qh7 37. b4 Qc2 38. Qe1 Nxb4 39. d5
cxd5 40. Qxb4 Qxf2+ 41. Kh3 f5 42. Rhe1 Qf3 43. Qb6+ 1-0

[Event "X Open Primavera"]
[Site "Robecchetto con Induno ITA"]
[Date "2013.05.23"]
[Round "7"]
[White "Bianchi, Alberto"]
[Black "Troiani, Mauro"]
[WhiteElo "1964"]
[BlackElo "2005"]
[Result "1/2-1/2"]
[PlyCount "58"]
[EventDate "2013.04.04"]

1. e4 c5 2. Nf3 d6 3. d4 cxd4 4. Nxd4 Nf6 5. Nc3 Nc6 6. h3 g6 7. Be3 Bg7 8. g3
O-O 9. Bg2 Nxd4 10. Bxd4 Be6 11. O-O Qa5 12. Ne2 Rac8 13. b3 a6 14. a4 d5 15.
Nf4 dxe4 16. Nxe6 fxe6 17. Bb2 Rfd8 18. Qc1 Qd2 19. c4 Qxc1 20. Raxc1 Rd3 21.
Bc3 b5 22. Bxf6 Bxf6 23. axb5 axb5 24. cxb5 Rb8 25. Bxe4 Rxb3 26. Bc6 Bd4 27.
Rc2 Rxg3+ 28. Kh2 Rb3 29. Re2 Rb2 1/2-1/2

[Event "X Open Primavera"]
[Site "Robecchetto con Induno ITA"]
[Date "2013.05.20"]
[Round "7"]
[White "Colombo, Maurizio"]
[Black "Ruggeri, Igor"]
[WhiteElo "1769"]
[BlackElo "1578"]
[Result "1-0"]
[PlyCount "97"]
[EventDate "2013.04.04"]

1. d4 d5 2. c4 e6 3. Nc3 Nf6 4. Bg5 Be7 5. e3 O-O 6. Nf3 Nbd7 7. Rc1 b6 8. cxd5
exd5 9. Bd3 c5 10. O-O a6 11. Bf5 Bb7 12. Qc2 g6 13. Bh3 Nh5 14. Bxe7 Qxe7 15.
Bxd7 Qxd7 16. dxc5 bxc5 17. Na4 Qb5 18. Nxc5 Rac8 19. Nd4 Qb6 20. Qb3 Qxb3 21.
Ncxb3 Rxc1 22. Rxc1 Rc8 23. Rxc8+ Bxc8 24. Nc6 Bb7 25. Nca5 Bc8 26. Nc5 Nf6 27.
f3 Kf8 28. Nc6 Nd7 29. Nxd7+ Bxd7 30. Nb4 Bb5 31. Nxd5 Bc4 32. Nc3 f5 33. Kf2
Ke7 34. e4 Kf6 35. Ke3 h6 36. b3 Bf7 37. f4 g5 38. e5+ Ke6 39. g3 Kd7 40. Kd4
Kc6 41. Na4 Kb5 42. Nc5 Be8 43. a4+ Kb6 44. Kd5 a5 45. Kd6 Bc6 46. e6 Be8 47.
Nd7+ Kb7 48. Nf6 Bg6 49. e7 1-0

[Event "X Open Primavera"]
[Site "Robecchetto con Induno ITA"]
[Date "2013.05.23"]
[Round "7"]
[White "Loaldi, Davide"]
[Black "Rossi, Enrico"]
[WhiteElo "1560"]
[BlackElo "1486"]
[Result "1-0"]
[PlyCount "63"]
[EventDate "2013.04.04"]

1. d4 Nf6 2. Nf3 e6 3. e3 c5 4. b3 cxd4 5. exd4 Nc6 6. Bd3 Bb4+ 7. Nbd2 Bc3 8.
Rb1 Bxd4 9. Nxd4 Nxd4 10. O-O b6 11. Nc4 Qc7 12. Ba3 Nb5 13. Bb2 Bb7 14. a4 Qc6
15. f3 Nc7 16. Ba3 O-O-O 17. Nd6+ Kb8 18. Nxf7 Nfd5 19. Nxd8 Rxd8 20. Qe1 Nf6
21. c4 Na6 22. a5 Nc5 23. Bxc5 Qxc5+ 24. Kh1 Qxa5 25. Qxa5 bxa5 26. Ra1 g5 27.
Rxa5 g4 28. Rb5 Kc7 29. Ra5 gxf3 30. gxf3 Kb8 31. Be2 Ng4 32. h3 1-0

[Event "X Open Primavera"]
[Site "Robecchetto con Induno ITA"]
[Date "2013.05.23"]
[Round "7"]
[White "Macchiettini, Pierangelo"]
[Black "Puricelli, Roberto"]
[WhiteElo "1706"]
[BlackElo "1551"]
[Result "1-0"]
[PlyCount "51"]
[EventDate "2013.04.04"]

1. d4 d5 2. Nf3 Bg4 3. e3 Nc6 4. Be2 Nf6 5. c4 e6 6. a3 Be7 7. Nc3 O-O 8. O-O
a6 9. cxd5 Nxd5 10. Bd2 Bf6 11. Ne4 Re8 12. h3 Bh5 13. Qb3 b6 14. Rac1 Qd7 15.
Qc2 Nce7 16. Nxf6+ gxf6 17. e4 Bg6 18. Bd3 Kh8 19. exd5 Bxd3 20. Qxd3 Nxd5 21.
Qe4 Rg8 22. Bf4 Nxf4 23. Qxf4 e5 24. Qxf6+ Rg7 25. Nxe5 Qxh3 26. Qxg7+ 1-0

[Event "X Open Primavera"]
[Site "Robecchetto con Induno ITA"]
[Date "2013.05.23"]
[Round "7"]
[White "Marchesotti, Giovanni"]
[Black "Giusti, Francesco"]
[WhiteElo "1540"]
[BlackElo "1559"]
[Result "0-1"]
[PlyCount "72"]
[EventDate "2013.04.04"]

1. Nf3 g6 2. c4 Bg7 3. Nc3 e6 4. g3 b6 5. Bg2 Bb7 6. O-O Qe7 7. a3 h5 8. d4 Nh6
9. e4 d6 10. Be3 f6 11. Nh4 Qf7 12. f4 Ng4 13. Bd2 Nd7 14. h3 Nh6 15. a4 f5 16.
e5 Bxg2 17. Kxg2 a6 18. Nf3 Qe7 19. Re1 Nf7 20. Qe2 dxe5 21. dxe5 Rd8 22. Rad1
c5 23. Nh4 Rh6 24. Nf3 Nb8 25. Be3 Nc6 26. Rxd8+ Nfxd8 27. Rd1 Rh8 28. Rd2 Rf8
29. Ng5 Bh6 30. Nh7 Qxh7 31. Rd6 Rf7 32. Qd2 Rd7 33. a5 Nxa5 34. Nd5 exd5 35.
Qxd5 Rxd6 36. Qxd6 Nxc4 0-1

[Event "X Open Primavera"]
[Site "Robecchetto con Induno ITA"]
[Date "2013.05.23"]
[Round "7"]
[White "Moroni, Luca"]
[Black "Testa, Loris"]
[WhiteElo "1859"]
[BlackElo "1926"]
[Result "0-1"]
[PlyCount "62"]
[EventDate "2013.04.04"]

1. Nf3 Nf6 2. d4 g6 3. Bf4 Bg7 4. h3 c5 5. e3 Qb6 6. Nbd2 Qxb2 7. Rb1 Qc3 8.
Rb3 Qa5 9. Rb5 Qd8 10. Rxc5 d6 11. Rb5 a6 12. Rb3 Qa5 13. Bc4 b5 14. Bd3 Be6
15. Rb2 Nd5 16. O-O Nxf4 17. exf4 Qc3 18. Qc1 Bxd4 19. Nxd4 Qxd4 20. Nf3 Qc3
21. Ng5 Bd5 22. Re1 Nc6 23. Be4 Qc5 24. c4 Bxc4 25. Qc3 O-O 26. Bxc6 Qxc6 27.
Rxe7 Bd5 28. Qf6 h6 29. f5 Qc1+ 30. Kh2 Qxg5 31. Qxd6 Qxg2# 0-1

[Event "X Open Primavera"]
[Site "Robecchetto con Induno ITA"]
[Date "2013.05.20"]
[Round "7"]
[White "Pogliano, Stefano"]
[Black "Barrera, Pietro"]
[WhiteElo "1988"]
[BlackElo "1902"]
[Result "0-1"]
[PlyCount "90"]
[EventDate "2013.04.04"]

1. e4 c5 2. Nf3 g6 3. d4 cxd4 4. Nxd4 Bg7 5. Be3 Nf6 6. Nc3 Nc6 7. Be2 d6 8.
O-O O-O 9. h3 Bd7 10. Nxc6 Bxc6 11. Qd3 a6 12. Bd4 b5 13. Rad1 Qc7 14. Nd5 Bxd5
15. exd5 Rac8 16. Bc3 Qb7 17. a3 Rc4 18. Bf3 Rfc8 19. Rfe1 Qc7 20. Re3 a5 21.
Qe2 Bf8 22. Qe1 Ra8 23. g4 h6 24. Rdd3 Nh7 25. Bd1 Qd8 26. Re4 Rxe4 27. Qxe4
Nf6 28. Bxf6 exf6 29. Rb3 Qd7 30. Be2 Rb8 31. Qd3 b4 32. c3 Qa7 33. cxb4 axb4
34. axb4 Be7 35. Ra3 Qb6 36. b5 Qc5 37. Rc3 Qb4 38. Qc2 Kg7 39. Bd3 Bd8 40. b3
Bb6 41. Bc4 Ra8 42. Rd3 Qe1+ 43. Kg2 Ra1 44. Kf3 Qh1+ 45. Kg3 g5 0-1

[Event "X Open Primavera"]
[Site "Robecchetto con Induno ITA"]
[Date "2013.05.23"]
[Round "7"]
[White "Ragoso, Mario"]
[Black "Zanin, Fabio"]
[WhiteElo "1650"]
[BlackElo "1404"]
[Result "1-0"]
[PlyCount "45"]
[EventDate "2013.04.04"]

1. d4 d5 2. c4 c6 3. Nc3 Nf6 4. e3 g6 5. cxd5 Nxd5 6. Nge2 Bg7 7. f3 O-O 8. e4
Nb6 9. b3 e5 10. Be3 f5 11. exf5 Bxf5 12. Qd2 Na6 13. dxe5 Nb4 14. Nd4 Bxe5 15.
Nxf5 Qxd2+ 16. Bxd2 Nc2+ 17. Kf2 Nxa1 18. Ne3 Rad8 19. Ne4 Rf4 20. Ba5 Rd4 21.
Nc5 Kf7 22. Bc3 Rd5 23. Nxd5 1-0

[Event "X Open Primavera"]
[Site "Robecchetto con Induno ITA"]
[Date "2013.05.23"]
[Round "7"]
[White "Redamante, Marzio"]
[Black "Minore, Antonino"]
[WhiteElo "1545"]
[BlackElo "1286"]
[Result "1-0"]
[PlyCount "135"]
[EventDate "2013.04.04"]

1. c4 Nf6 2. g3 g6 3. Bg2 Bg7 4. Nc3 O-O 5. Nf3 d6 6. O-O e5 7. d3 c6 8. Bg5
Nbd7 9. Ne4 Qc7 10. Nxf6+ Nxf6 11. Qc2 Nd7 12. Rab1 h6 13. Bd2 f5 14. b4 a6 15.
Rfc1 Nf6 16. c5 d5 17. Bc3 d4 18. Ba1 Nh5 19. Nd2 Be6 20. Nc4 f4 21. Nd6 Qd7
22. Be4 fxg3 23. hxg3 Bd5 24. Bxd5+ cxd5 25. Qb3 Nf6 26. Kf1 h5 27. Ke1 Bh6 28.
Rc2 Qh3 29. e3 Qh1+ 30. Ke2 Qg2 31. Rf1 Bxe3 32. Ke1 Bh6 33. Re2 Ng4 34. Ne4
Kh7 35. f3 Qxf1+ 36. Kxf1 Rxf3+ 37. Rf2 Ne3+ 38. Ke2 Rxf2+ 39. Kxf2 Rf8+ 40.
Ke2 dxe4 41. Qe6 Bg7 42. Bb2 Nf5 43. dxe4 Nxg3+ 44. Kd3 Nf1 45. Qh3 Kh6 46.
Bc1+ Ne3 47. Bxe3+ dxe3 48. Qxe3+ Kh7 49. Qg5 Rf3+ 50. Kc4 Rf4 51. Kd5 Bf6 52.
Qg1 g5 53. a4 h4 54. Qg2 Kh6 55. c6 bxc6+ 56. Kxc6 g4 57. Kb6 h3 58. Qg3 Kg5
59. Kxa6 Rf3 60. Qe1 g3 61. Qd2+ Rf4 62. Kb5 h2 63. Qg2 Kg4 64. a5 Rf2 65. Qh1
Kh3 66. Qd1 Rg2 67. Qh5+ Bh4 68. Qf5# 1-0

[Event "X Open Primavera"]
[Site "Robecchetto con Induno ITA"]
[Date "2013.05.23"]
[Round "7"]
[White "Rossi, Emanuele"]
[Black "Buonasorte, Roberto"]
[WhiteElo "1559"]
[BlackElo "1452"]
[Result "0-1"]
[PlyCount "80"]
[EventDate "2013.04.04"]

1. e4 e6 2. Nf3 b6 3. d4 d5 4. Bd3 Bb7 5. e5 c5 6. c3 c4 7. Bc2 Ne7 8. O-O Nd7
9. Na3 a6 10. b4 b5 11. Ng5 f5 12. Nxe6 Qb6 13. Nf4 g6 14. e6 Nf6 15. Re1 Nc6
16. Qf3 O-O-O 17. Be3 a5 18. Nb1 axb4 19. Rd1 Ne4 20. Bxe4 dxe4 21. Qg3 Qa5 22.
d5 Ne5 23. Qg5 bxc3 24. Nxc3 Qxc3 25. e7 Bxe7 26. Qxe7 Nd3 27. d6 Rd7 28. Qe6
Qe5 29. Qxe5 Nxe5 30. Bd4 Re8 31. Bb6 Nd3 32. Nxd3 exd3 33. Bc7 g5 34. a4 b4
35. Rac1 Ba6 36. Kf1 c3 37. Ra1 c2 38. Rd2 b3 39. f3 b2 40. Ra3 c1=Q+ 0-1

[Event "X Open Primavera"]
[Site "Robecchetto con Induno ITA"]
[Date "2013.05.23"]
[Round "7"]
[White "Santarelli, Sabatino"]
[Black "Santoruvo, Gianfranco"]
[WhiteElo "1621"]
[BlackElo "1652"]
[Result "0-1"]
[PlyCount "114"]
[EventDate "2013.04.04"]

1. e4 e5 2. Nf3 Nc6 3. Bb5 a6 4. Ba4 Bc5 5. O-O d6 6. Nc3 Bg4 7. h3 Bh5 8.
Bxc6+ bxc6 9. d3 Ne7 10. Be3 Bb6 11. g4 Bg6 12. Ne2 Qd7 13. Kh2 h5 14. g5 h4
15. Rg1 Bh5 16. Ne1 O-O-O 17. Qd2 d5 18. Bxb6 cxb6 19. Nc3 Ng6 20. Ng2 dxe4 21.
Nxe4 Qf5 22. Qe3 Kc7 23. a4 a5 24. Ra3 Bf3 25. Rb3 Rb8 26. c4 Rhd8 27. c5 bxc5
28. Rxb8 Rxb8 29. Nxc5 Rxb2 30. Ne4 Bxe4 31. Qa7+ Kc8 32. dxe4 Qxf2 33. Qxf2
Rxf2 34. Kh1 Rf3 35. Rc1 Rxh3+ 36. Kg1 Rg3 37. Kh2 Ra3 38. Rxc6+ Kb7 39. Rc2
Rxa4 40. Ne3 Rxe4 41. Nc4 Ka6 42. Nd6 Rf4 43. Rc7 Kb6 44. Rc8 Ne7 45. Rf8 a4
46. Nxf7 a3 47. g6 Nxg6 48. Rb8+ Ka7 49. Rb1 Rxf7 50. Rb3 Nf4 51. Rxa3+ Kb6 52.
Re3 Re7 53. Kg1 g5 54. Kf2 g4 55. Kf1 Kc5 56. Ra3 h3 57. Rg3 h2 0-1

[Event "X Open Primavera"]
[Site "Robecchetto con Induno ITA"]
[Date "2013.05.20"]
[Round "7"]
[White "Sigismondi, Piero"]
[Black "Koureas, Panicos"]
[WhiteElo "1464"]
[BlackElo "1421"]
[Result "1-0"]
[PlyCount "73"]
[EventDate "2013.04.04"]

1. d4 Nf6 2. Nf3 g6 3. Nc3 Bg7 4. e4 d6 5. Bf4 Nbd7 6. Qd2 O-O 7. O-O-O Qe8 8.
e5 Ng4 9. h3 dxe5 10. dxe5 Ngxe5 11. Nxe5 Nxe5 12. Bh6 Qd7 13. Qf4 Bxh6 14.
Qxh6 Qf5 15. f4 Nc6 16. g4 Qa5 17. Rd5 Qb6 18. f5 Nb4 19. Rb5 Qd6 20. fxg6 fxg6
21. Bc4+ Be6 22. Bxe6+ Qxe6 23. Rxb4 Rf2 24. Re4 Qf6 25. Qe3 Rf3 26. Nd5 Rf1+
27. Rxf1 Qxf1+ 28. Kd2 Rd8 29. Rd4 Qg2+ 30. Kc3 Rxd5 31. Qe6+ Kf8 32. Qxd5 Qg3+
33. Rd3 Qe1+ 34. Kb3 c6 35. Qd8+ Kf7 36. Rf3+ Kg7 37. Qf8# 1-0

[Event "X Open Primavera"]
[Site "Robecchetto con Induno ITA"]
[Date "2013.05.23"]
[Round "7"]
[White "Trenti, Alessandro"]
[Black "Ongaro, Andrea"]
[WhiteElo "1755"]
[BlackElo "1719"]
[Result "1/2-1/2"]
[PlyCount "47"]
[EventDate "2013.04.04"]

1. e4 c5 2. Nf3 Nc6 3. d4 cxd4 4. Nxd4 e5 5. Nb5 d6 6. N1c3 a6 7. Na3 Be6 8.
Nd5 Rb8 9. c3 Be7 10. Nc2 Nf6 11. Bd3 O-O 12. Nxe7+ Nxe7 13. Bg5 Ne8 14. O-O
Qc7 15. Nb4 f6 16. Be3 Kh8 17. Rc1 Rc8 18. c4 f5 19. Nd5 Bxd5 20. cxd5 Qd7 21.
Rxc8 Qxc8 22. f4 fxe4 23. Bxe4 Nf6 24. Qd3 1/2-1/2

[Event "X Open Primavera"]
[Site "Robecchetto con Induno ITA"]
[Date "2013.05.23"]
[Round "7"]
[White "Vada, Riccardo"]
[Black "Madaschi, Sergio"]
[WhiteElo "1512"]
[BlackElo "1497"]
[Result "1-0"]
[PlyCount "53"]
[EventDate "2013.04.04"]

1. e4 c6 2. d4 d5 3. Nd2 dxe4 4. Nxe4 Bf5 5. Ng3 Bg6 6. Nf3 Nd7 7. Bc4 e6 8.
O-O Bd6 9. Re1 Ngf6 10. c3 O-O 11. Bg5 h6 12. Bh4 Qc7 13. Qe2 Rfe8 14. Ne5 Bh7
15. f4 Nd5 16. Rf1 N7b6 17. Bb3 c5 18. Ne4 Bxe5 19. fxe5 cxd4 20. cxd4 Rec8 21.
Nd6 a5 22. Rxf7 Qxf7 23. Nxf7 Kxf7 24. Qh5+ Bg6 25. Rf1+ Nf6 26. Qe2 Bh5 27.
Qxh5+ 1-0

[Event "X Open Primavera"]
[Site "Robecchetto con Induno ITA"]
[Date "2013.05.23"]
[Round "7"]
[White "Zanin, Armando"]
[Black "Libutti, Michele"]
[WhiteElo "1673"]
[BlackElo "1717"]
[Result "0-1"]
[PlyCount "86"]
[EventDate "2013.04.04"]

1. c4 Nf6 2. Nc3 e5 3. d3 d6 4. g3 Be7 5. Bg2 c6 6. b4 O-O 7. a4 d5 8. Ba3 Be6
9. Nf3 Nbd7 10. Ng5 Ng4 11. Nxe6 fxe6 12. O-O a5 13. b5 Bxa3 14. Rxa3 Qb6 15.
Qe1 Qc5 16. Ra1 Rf7 17. Bh3 h5 18. Bxg4 hxg4 19. e3 e4 20. cxd5 cxd5 21. dxe4
d4 22. exd4 Qxd4 23. Rd1 Qf6 24. Rd3 Ne5 25. Qe2 Nxd3 26. Qxd3 Raf8 27. Nd1 Qf3
28. Qxf3 gxf3 29. Ne3 Rc7 30. Rd1 Rfc8 31. h4 Rc1 32. Kf1 Rxd1+ 33. Nxd1 Rc4
34. Ke1 Rxa4 35. Kd2 Rxe4 36. Ne3 Rb4 37. Nf1 Rxb5 38. Ke3 Rb3+ 39. Ke4 a4 40.
Nh2 a3 41. Nxf3 Rxf3 42. Kxf3 a2 43. Ke4 a1=Q 0-1